Fundamentals of fluid film lubrications (Record no. 612504)
[ view plain ]
| 000 -LEADER | |
|---|---|
| fixed length control field | 00373nam a22001337a 4500 |
| 020 ## - INTERNATIONAL STANDARD BOOK NUMBER | |
| International Standard Book Number | 9780070295560 |
| 040 ## - CATALOGING SOURCE | |
| Transcribing agency | Nust |
| 082 ## - DEWEY DECIMAL CLASSIFICATION NUMBER | |
| Classification number | 621.89 |
| Author Mark | HAM |
| 100 ## - MAIN ENTRY--PERSONAL NAME | |
| Personal name | Bernard H, Hamrock |
| 9 (RLIN) | 127360 |
| 245 ## - TITLE STATEMENT | |
| Title | Fundamentals of fluid film lubrications |
| 260 ## - PUBLICATION, DISTRIBUTION, ETC. | |
| Place of publication, distribution, etc. | Hightstown: |
| Name of publisher, distributor, etc. | McGraw Hill, |
| Date of publication, distribution, etc. | 1994. |
| 650 ## - SUBJECT ADDED ENTRY--TOPICAL TERM | |
| Topical term or geographic name entry element | Fundamentals of fluid film lubrications |
| 9 (RLIN) | 127365 |
| 942 ## - ADDED ENTRY ELEMENTS (KOHA) | |
| Source of classification or shelving scheme | |
| Koha item type | Book |
| Withdrawn status | Lost status | Source of classification or shelving scheme | Damaged status | Not for loan | Permanent Location | Current Location | Shelving location | Date acquired | Total Checkouts | Full call number | Barcode | Date last seen | Price effective from | Koha item type |
|---|---|---|---|---|---|---|---|---|---|---|---|---|---|---|
| College of Electrical & Mechanical Engineering (CEME) | College of Electrical & Mechanical Engineering (CEME) | General Stacks | 01/03/2025 | 621.89 HAM | CEME- 32425 | 01/03/2025 | 01/03/2025 | Book |
